[Event "Chigorin Memorial 2018"]
[Site "St. Petersburg"]
[Date "2018.10.27"]
[Round "1.24"]
[White "Levin, Evgeny A."]
[Black "Rudovskii, Filipp"]
[Result "1-0"]
[WhiteElo "2523"]
[BlackElo "2054"]
[Annotator "RC"]
[PlyCount "51"]
[EventDate "2018.10.27"]
[EventType "swiss"]
[EventCountry "RUS"]
[WhiteTeam "Russland"]
[BlackTeam "Russland"]
[WhiteTeamCountry "RUS"]
[BlackTeamCountry "RUS"]

1. Nf3 Nf6 2. c4 g6 3. Nc3 d5 4. cxd5 Nxd5 5. Qb3 Nb6 6. d4 Be6 7. Qc2 Bc4 8. e4 Bxf1 9. Kxf1 Bg7 10. Bf4 Na6 11. Rd1 O-O 12. h4 c6 13. h5 Nc4 14. b3 Nd6 15. e5 Nb5 16. Nxb5 cxb5 17. Qd2 Nc7 18. Bh6 Ne8 19. Bxg7 Nxg7 20. hxg6 Qb6 21. gxf7+ Rxf7 22. Ng5 Rf5 23. g4 Rff8 24. Nxh7 Rfd8 25. Rh6 Rxd4 26. Nf6+ 1-0

[Event "Chigorin Memorial 2018"]
[Site "St. Petersburg"]
[Date "2018.10.27"]
[Round "1.25"]
[White "Petrochenko, Maria"]
[Black "Sorokin, Aleksey"]
[Result "0-1"]
[WhiteElo "2054"]
[BlackElo "2522"]
[Annotator "TA"]
[PlyCount "78"]
[EventDate "2018.10.27"]
[EventType "swiss"]
[EventCountry "RUS"]
[WhiteTeam "Russland"]
[BlackTeam "Russland"]
[WhiteTeamCountry "RUS"]
[BlackTeamCountry "RUS"]

1. d4 Nf6 2. c4 g6 3. g3 Bg7 4. Bg2 d5 5. cxd5 Nxd5 6. e4 Nb6 7. Ne2 c5 8. d5 e6 9. Nbc3 O-O 10. O-O Na6 11. Nf4 e5 12. Nd3 c4 13. Ne1 Bd7 14. Be3 Nc8 15. b3 Nd6 16. a4 f5 17. f3 f4 18. Bf2 Qa5 19. Ne2 g5 20. g4 Rfc8 21. bxc4 Rxc4 22. Nd3 Rac8 23. Be1 Qc7 24. Bd2 Rc2 25. Ne1 Rc4 26. Nd3 h5 27. h3 hxg4 28. hxg4 Kf7 29. a5 Rc2 30. Rc1 Bb5 31. Rxc2 Qxc2 32. Ndc1 Bf8 33. Qxc2 Rxc2 34. Rd1 Nc4 35. Bc3 Bc5+ 36. Kh2 Ke7 37. d6+ Bxd6 38. Rd5 Nc7 39. Rd1 Ba3 0-1

[Event "Chigorin Memorial 2018"]
[Site "St. Petersburg"]
[Date "2018.10.27"]
[Round "1.26"]
[White "Anisimov, Pavel"]
[Black "Gkogkas, Dimitrios"]
[Result "1-0"]
[WhiteElo "2521"]
[BlackElo "2047"]
[Annotator "TA"]
[PlyCount "43"]
[EventDate "2018.10.27"]
[EventType "swiss"]
[EventCountry "RUS"]
[WhiteTeam "Russland"]
[BlackTeam "Griechenland"]
[WhiteTeamCountry "RUS"]
[BlackTeamCountry "GRE"]

1. e4 e5 2. Nf3 Nc6 3. Bb5 a6 4. Ba4 d6 5. c3 Bd7 6. d4 g6 7. Bg5 Be7 8. Be3 Nf6 9. Bc2 exd4 10. cxd4 Nb4 11. Nc3 Nxc2+ 12. Qxc2 O-O 13. O-O b5 14. a3 c5 15. dxc5 dxc5 16. Rad1 Qc8 17. Bg5 Bd8 18. Ne5 Be6 19. Rxd8 Qxd8 20. Nc6 Qc7 21. Bxf6 Qxc6 22. Qd2 1-0

[Event "Chigorin Memorial 2018"]
[Site "St. Petersburg"]
[Date "2018.10.27"]
[Round "1.27"]
[White "Sapegin, Yaroslav"]
[Black "Khanin, Semen"]
[Result "0-1"]
[WhiteElo "2046"]
[BlackElo "2510"]
[Annotator "TA"]
[PlyCount "80"]
[EventDate "2018.10.27"]
[EventType "swiss"]
[EventCountry "RUS"]
[WhiteTeam "Russland"]
[BlackTeam "Russland"]
[WhiteTeamCountry "RUS"]
[BlackTeamCountry "RUS"]

1. d4 Nf6 2. c4 e6 3. g3 c5 4. d5 exd5 5. cxd5 d6 6. Nc3 g6 7. Bg2 Bg7 8. Nf3 O-O 9. O-O a6 10. a4 Nbd7 11. Bf4 Qe7 12. Nd2 Nh5 13. Be3 Ne5 14. Qb3 Ng4 15. Nc4 Nxe3 16. Nxe3 Rb8 17. Qb6 Qd8 18. a5 Qxb6 19. axb6 Rd8 20. Nc4 Nf6 21. Rfe1 Ne8 22. e4 Bd7 23. Ra5 Rbc8 24. h4 Bd4 25. Bf3 h6 26. Kg2 g5 27. hxg5 hxg5 28. Nd1 g4 29. Be2 f5 30. Bd3 fxe4 31. Bxe4 Rb8 32. Nde3 Nf6 33. Nxd6 Bxb2 34. Nef5 Bc3 35. Rh1 Bxa5 36. Nh6+ Kg7 37. Bf5 Nxd5 38. Rh5 Ne7 39. Rg5+ Kf8 40. Be4 Bc6 0-1

[Event "Chigorin Memorial 2018"]
[Site "St. Petersburg"]
[Date "2018.10.27"]
[Round "1.28"]
[White "Zontakh, Andrey"]
[Black "Myshkovskiy, Sviatoslav"]
[Result "1-0"]
[WhiteElo "2507"]
[BlackElo "2046"]
[Annotator "TA"]
[PlyCount "79"]
[EventDate "2018.10.27"]
[EventType "swiss"]
[EventCountry "RUS"]
[WhiteTeam "Ukraine"]
[BlackTeam "Russland"]
[WhiteTeamCountry "UKR"]
[BlackTeamCountry "RUS"]

1. d4 Nf6 2. c4 e6 3. Nf3 d5 4. g3 Be7 5. Bg2 O-O 6. O-O dxc4 7. Qc2 a6 8. a4 Bd7 9. Qxc4 Bc6 10. Bg5 Nbd7 11. Nc3 h6 12. Bxf6 Nxf6 13. Rfe1 Bd5 14. Nxd5 exd5 15. Qb3 Rb8 16. a5 c6 17. Ne5 Bd6 18. Nd3 Qe7 19. e3 Rfe8 20. Qc2 Rbc8 21. Ra4 g6 22. b4 Nd7 23. Nc5 Nf8 24. Raa1 f5 25. Qb3 Kh7 26. Rac1 Rc7 27. Nd3 Nd7 28. Rc2 Nf6 29. Rec1 Qg7 30. b5 axb5 31. a6 Qd7 32. axb7 Rb8 33. Ne5 Bxe5 34. dxe5 Ne8 35. Rc5 Rbxb7 36. Qc2 Qe7 37. Qb2 Ng7 38. Rxc6 Rd7 39. R6c5 Ne6 40. Rxd5 1-0

[Event "Chigorin Memorial 2018"]
[Site "St. Petersburg"]
[Date "2018.10.27"]
[Round "1.29"]
[White "Pogorelskikh, Sofia"]
[Black "Gagare, Shardul"]
[Result "0-1"]
[WhiteElo "2041"]
[BlackElo "2501"]
[Annotator "TA"]
[PlyCount "88"]
[EventDate "2018.10.27"]
[EventType "swiss"]
[EventCountry "RUS"]
[WhiteTeam "Russland"]
[BlackTeam "Indien"]
[WhiteTeamCountry "RUS"]
[BlackTeamCountry "IND"]

1. e4 e5 2. Nf3 Nc6 3. Bb5 a6 4. Ba4 Nf6 5. O-O Be7 6. Re1 b5 7. Bb3 d6 8. c3 O-O 9. h3 Nb8 10. d4 Nbd7 11. Nbd2 Bb7 12. Bc2 Re8 13. a4 Bf8 14. Bd3 c6 15. b3 Qc7 16. Bb2 g6 17. Qc2 Rac8 18. b4 Nb6 19. a5 Na4 20. Bc1 c5 21. bxc5 exd4 22. c4 Qxc5 23. Nb3 Qc7 24. cxb5 Qxc2 25. Bxc2 Rxc2 26. bxa6 Bxa6 27. Rxa4 d3 28. Bf4 Re2 29. Nbd2 d5 30. e5 Rxe1+ 31. Nxe1 Bb5 32. Ra1 Ne4 33. Nef3 Nc3 34. Nd4 Ne2+ 35. Nxe2 dxe2 36. Nf3 f6 37. exf6 Bb4 38. Ne1 d4 39. Rb1 Bxa5 40. f3 d3 41. Kf2 Bc4 42. Rc1 Bb6+ 43. Kg3 Be3 44. Rxc4 d2 0-1

[Event "Chigorin Memorial 2018"]
[Site "St. Petersburg"]
[Date "2018.10.27"]
[Round "1.30"]
[White "Khegay, Dmitriy"]
[Black "Babanin, Gleb"]
[Result "1-0"]
[WhiteElo "2499"]
[BlackElo "2037"]
[Annotator "TA"]
[PlyCount "59"]
[EventDate "2018.10.27"]
[EventType "swiss"]
[EventCountry "RUS"]
[WhiteTeam "Russland"]
[BlackTeam "Russland"]
[WhiteTeamCountry "RUS"]
[BlackTeamCountry "RUS"]

1. Nf3 Nf6 2. g3 g6 3. b3 Bg7 4. Bb2 O-O 5. Bg2 c5 6. O-O d5 7. c4 d4 8. b4 Re8 9. bxc5 Nc6 10. d3 e5 11. Nbd2 h6 12. Ne1 Bf5 13. Nc2 Qd7 14. Re1 Rad8 15. a4 e4 16. Nb3 Nh7 17. Bc1 Ng5 18. Bxg5 hxg5 19. Qd2 e3 20. Qc1 Ne5 21. fxe3 dxe3 22. Nxe3 Nxd3 23. exd3 Bxa1 24. Nxa1 Qxd3 25. Nac2 Bc8 26. Nb4 Qd4 27. Nbd5 Re6 28. Kh1 Rde8 29. Nc7 Rxe3 30. Nxe8 1-0

[Event "Chigorin Memorial 2018"]
[Site "St. Petersburg"]
[Date "2018.10.27"]
[Round "1.31"]
[White "Efremov, Vladislav"]
[Black "Afanasiev, Nikita"]
[Result "0-1"]
[WhiteElo "2035"]
[BlackElo "2487"]
[Annotator "RC"]
[PlyCount "222"]
[EventDate "2018.10.27"]
[EventType "swiss"]
[EventCountry "RUS"]
[WhiteTeam "Russland"]
[BlackTeam "Russland"]
[WhiteTeamCountry "RUS"]
[BlackTeamCountry "RUS"]

1. d4 g6 2. c4 Bg7 3. Nc3 c5 4. d5 Bxc3+ 5. bxc3 f5 6. Nf3 Nf6 7. Bf4 Qa5 8. Qc2 d6 9. e3 Nbd7 10. Bd3 b5 11. Nd2 bxc4 12. Nxc4 Qc7 13. e4 fxe4 14. Bxe4 Ba6 15. Ne3 Nxe4 16. Qxe4 Qa5 17. Rc1 Nf6 18. Qc2 Rb8 19. a4 Kd7 20. Bg5 Rb7 21. Bxf6 exf6 22. Kd2 Rhb8 23. Rb1 Rxb1 24. Rxb1 Rxb1 25. Qxb1 Qxa4 26. Qb8 Bc8 27. g3 Qa2+ 28. Ke1 h5 29. h4 Qa6 30. Qb1 f5 31. Qb2 f4 32. gxf4 Qd3 33. c4 Kc7 34. Qa1 a6 35. Qg7+ Bd7 36. Qa1 Kb6 37. Qb2+ Kc7 38. Qa1 Qd4 39. Qxa6 Qxf4 40. Qa5+ Kb7 41. Qd8 Ba4 42. Qe7+ Kc8 43. Ke2 Bd7 44. Ke1 Kc7 45. Ke2 Qd4 46. Ke1 Qd3 47. Qf6 Qe4 48. Kd2 Qh1 49. Ke2 Qh3 50. Qf4 Qh1 51. Kd2 Qb1 52. Ke2 Qc1 53. Qf6 Qg1 54. Qf4 Qa1 55. Qg5 Qb2+ 56. Ke1 Qc1+ 57. Ke2 Bg4+ 58. Kd3 Qb1+ 59. Kc3 Qe1+ 60. Kb3 Bd7 61. Qxg6 Qxf2 62. Qg5 Qd2 63. Qe7 Qc1 64. Ka2 Qc3 65. Kb1 Qd2 66. Ka1 Qb4 67. Ka2 Qb6 68. Qg5 Qa5+ 69. Kb2 Qd2+ 70. Kb3 Ba4+ 71. Ka3 Qc3+ 72. Ka2 Qd2+ 73. Kb1 Qd4 74. Qe7+ Bd7 75. Kc2 Qf4 76. Kd1 Kc8 77. Ke1 Qf3 78. Kd2 Qg3 79. Qf8+ Kc7 80. Qe7 Qf2+ 81. Kd3 Qe1 82. Ke4 Qg3 83. Kd3 Qf4 84. Kd2 Kc8 85. Kd3 Ba4 86. Ke2 Bd7 87. Kd3 Qd4+ 88. Ke2 Bg4+ 89. Nxg4 Qxc4+ 90. Kf2 Qf4+ 91. Ke1 hxg4 92. Qe8+ Kc7 93. Qc6+ Kd8 94. Qb6+ Ke7 95. Qc7+ Kf6 96. h5 Kg5 97. Qh7 Qf6 98. Ke2 c4 99. Qe4 Kxh5 100. Qxc4 Qf3+ 101. Ke1 g3 102. Qd4 g2 103. Qh8+ Kg4 104. Qg7+ Kf5 105. Qf7+ Ke4 106. Qh7+ Kd4 107. Qa7+ Ke4 108. Qh7+ Qf5 109. Qe7+ Qe5 110. Qh4+ Kf3+ 111. Kd2 Qf4+ 0-1

[Event "Chigorin Memorial 2018"]
[Site "St. Petersburg"]
[Date "2018.10.27"]
[Round "1.32"]
[White "Kabanov, Nikolai"]
[Black "Shapar, Tatiana"]
[Result "1-0"]
[WhiteElo "2481"]
[BlackElo "2034"]
[PlyCount "91"]
[EventDate "2018.10.27"]
[EventType "swiss"]
[EventCountry "RUS"]
[WhiteTeam "Russland"]
[BlackTeam "Russland"]
[WhiteTeamCountry "RUS"]
[BlackTeamCountry "RUS"]

1. Nf3 d5 2. g3 Nf6 3. Bg2 c5 4. O-O Nc6 5. d4 e6 6. c4 Be7 7. cxd5 Nxd5 8. Nc3 O-O 9. Nxd5 exd5 10. dxc5 Bxc5 11. a3 a5 12. Qc2 Be7 13. Rd1 Be6 14. Be3 h6 15. Qa4 Qb8 16. Nd4 Nxd4 17. Bxd4 b5 18. Qb3 a4 19. Qe3 Rc8 20. Bc3 Bc5 21. Qf4 Qxf4 22. gxf4 Rd8 23. Rd2 Rac8 24. e3 Rd7 25. Bf3 Bh3 26. Be2 Rd6 27. Kh1 Rg6 28. Bf3 Bxa3 29. Rxd5 Bf8 30. Rxb5 a3 31. Bd4 Rc2 32. Be4 Rg4 33. Bf5 Bg2+ 34. Kg1 Bc6+ 35. Bxg4 Bxb5 36. bxa3 Bc6 37. a4 Bb4 38. Bh3 Ba5 39. Bg2 Bd7 40. Be4 Rc4 41. Rb1 Bc7 42. Bd3 Rc6 43. Kg2 Be6 44. Kf3 f5 45. Rg1 Bd5+ 46. Ke2 1-0

[Event "Chigorin Memorial 2018"]
[Site "St. Petersburg"]
[Date "2018.10.27"]
[Round "1.33"]
[White "Tsapalin, Sergey"]
[Black "Drygalov, Andrey"]
[Result "0-1"]
[WhiteElo "2032"]
[BlackElo "2477"]
[Annotator "TA"]
[PlyCount "78"]
[EventDate "2018.10.27"]
[EventType "swiss"]
[EventCountry "RUS"]
[WhiteTeam "Russland"]
[BlackTeam "Russland"]
[WhiteTeamCountry "RUS"]
[BlackTeamCountry "RUS"]

1. c4 Nf6 2. Nc3 e5 3. g3 d5 4. cxd5 Nxd5 5. Bg2 Nb6 6. Nf3 Nc6 7. d3 Be7 8. O-O O-O 9. Be3 Re8 10. Rc1 Bf8 11. Qd2 Bg4 12. h3 Bh5 13. g4 Bg6 14. Nh4 Qd7 15. Nxg6 hxg6 16. Bf3 Rad8 17. Bg5 f6 18. Be3 Qf7 19. Bxc6 bxc6 20. Qc2 f5 21. f3 Re6 22. Qb3 Rde8 23. Kg2 Bd6 24. a4 a5 25. Bd2 Bb4 26. Be3 Qd7 27. Bxb6 cxb6 28. Nd1 Bc5 29. Nf2 Kh7 30. Qd1 Be3 31. Rb1 Qe7 32. Qe1 Bc5 33. Nd1 Rd6 34. Nc3 Rd4 35. Qg3 Qg5 36. Rfc1 Rb4 37. b3 Qe3 38. Rc2 Rxb3 39. Rh1 Rxc3 0-1

[Event "Chigorin Memorial 2018"]
[Site "St. Petersburg"]
[Date "2018.10.27"]
[Round "1.34"]
[White "Mikaelyan, Arman"]
[Black "Dmitriev, Vladimir"]
[Result "1-0"]
[WhiteElo "2477"]
[BlackElo "2031"]
[Annotator "TA"]
[PlyCount "69"]
[EventDate "2018.10.27"]
[EventType "swiss"]
[EventCountry "RUS"]
[WhiteTeam "Armenien"]
[BlackTeam "Russland"]
[WhiteTeamCountry "ARM"]
[BlackTeamCountry "RUS"]

1. e4 c6 2. d4 d5 3. exd5 cxd5 4. Bd3 Nc6 5. c3 Nf6 6. Bf4 e6 7. Nf3 Bd6 8. Bxd6 Qxd6 9. O-O O-O 10. Qe2 Qf4 11. Nbd2 Bd7 12. Rae1 Rae8 13. Ne5 Nxe5 14. dxe5 Ng4 15. g3 Qg5 16. f3 Nh6 17. f4 Qd8 18. Qh5 Qb6+ 19. Rf2 f6 20. exf6 Rxf6 21. Nf3 Nf5 22. Ne5 Bc6 23. g4 Nh6 24. Nxc6 Qxc6 25. g5 Rf5 26. Qe2 Qb6 27. gxh6 Rxf4 28. hxg7 e5 29. Qe3 Rg4+ 30. Kf1 Qxe3 31. Rxe3 Kxg7 32. Bf5 Rg5 33. h4 Rh5 34. Bd7 Re7 35. Rg3+ 1-0

[Event "Chigorin Memorial 2018"]
[Site "St. Petersburg"]
[Date "2018.10.27"]
[Round "1.35"]
[White "Nikitinyh, Boris"]
[Black "Nigmatov, Ortik"]
[Result "0-1"]
[WhiteElo "2031"]
[BlackElo "2456"]
[PlyCount "84"]
[EventDate "2018.10.27"]
[EventType "swiss"]
[EventCountry "RUS"]
[WhiteTeam "Russland"]
[BlackTeam "Usbekistan"]
[WhiteTeamCountry "RUS"]
[BlackTeamCountry "UZB"]

1. e4 c5 2. Nc3 Nc6 3. g3 g6 4. Bg2 Bg7 5. Nge2 e6 6. O-O Nge7 7. d3 O-O 8. Be3 Nd4 9. Qd2 d6 10. Rae1 Rb8 11. Nd1 Nxe2+ 12. Rxe2 Nc6 13. c3 b5 14. Bh6 b4 15. Bxg7 Kxg7 16. Ne3 bxc3 17. bxc3 Ne7 18. Rd1 Ba6 19. Ree1 Rb6 20. Ng4 Ng8 21. d4 Qc7 22. e5 d5 23. Qf4 Rb2 24. Rd2 Rfb8 25. Rxb2 Rxb2 26. Nf6 Qe7 27. Nxg8 Kxg8 28. dxc5 Qxc5 29. Qf6 Rb8 30. h4 Qxc3 31. Re3 Qc2 32. g4 Qc5 33. h5 Qf8 34. hxg6 hxg6 35. Bxd5 exd5 36. Qxa6 Qh6 37. Re1 Qh3 38. Qe2 Rb4 39. f3 Qg3+ 40. Kh1 Rb6 41. Rd1 g5 42. Rxd5 Rh6+ 0-1

[Event "Chigorin Memorial 2018"]
[Site "St. Petersburg"]
[Date "2018.10.27"]
[Round "1.36"]
[White "Vokhidov, Shamsiddin"]
[Black "Vorobyova, Valeriya"]
[Result "1-0"]
[WhiteElo "2446"]
[BlackElo "2030"]
[Annotator "TA"]
[PlyCount "53"]
[EventDate "2018.10.27"]
[EventType "swiss"]
[EventCountry "RUS"]
[WhiteTeam "Usbekistan"]
[BlackTeam "Russland"]
[WhiteTeamCountry "UZB"]
[BlackTeamCountry "RUS"]

1. e4 c5 2. Nf3 d6 3. Nc3 Nf6 4. d4 cxd4 5. Nxd4 Nc6 6. Bg5 e6 7. Qd2 a6 8. O-O-O h6 9. Nxc6 bxc6 10. Bf4 d5 11. Qe3 Bb4 12. Be2 O-O 13. e5 Nh7 14. a3 Be7 15. h4 f6 16. Qg3 Kh8 17. Bd3 Rg8 18. Ne2 f5 19. Qf3 Bxh4 20. g4 Bg5 21. Rdg1 a5 22. gxf5 Ba6 23. Bxa6 Rxa6 24. Bxg5 Nxg5 25. Qh5 Nh7 26. Nf4 Re8 27. Rxg7 1-0

[Event "Chigorin Memorial 2018"]
[Site "St. Petersburg"]
[Date "2018.10.27"]
[Round "1.37"]
[White "Lazhevskaya, Zhanni"]
[Black "Duzhakov, Ilya"]
[Result "0-1"]
[WhiteElo "2029"]
[BlackElo "2414"]
[PlyCount "68"]
[EventDate "2018.10.27"]
[EventType "swiss"]
[EventCountry "RUS"]
[WhiteTeam "Russland"]
[BlackTeam "Russland"]
[WhiteTeamCountry "RUS"]
[BlackTeamCountry "RUS"]

1. e4 e6 2. d4 d5 3. Nd2 c5 4. dxc5 Bxc5 5. Bd3 Nf6 6. Qe2 Nc6 7. Ngf3 Bb6 8. O-O O-O 9. c3 Qc7 10. e5 Ng4 11. Bxh7+ Kxh7 12. Ng5+ Kg8 13. Qxg4 Qxe5 14. Nb3 Ne7 15. Bf4 Qf5 16. Qg3 Qg6 17. Nf3 Qxg3 18. hxg3 Rd8 19. Be3 Bxe3 20. fxe3 a5 21. Rad1 Nf5 22. Kf2 Nd6 23. Nbd2 b5 24. Ne5 f6 25. Ng6 Kf7 26. Nf4 Ba6 27. Rh1 Rac8 28. Rc1 Nb7 29. Rh7 e5 30. Nh5 Rg8 31. Rh1 b4 32. g4 bxc3 33. bxc3 Bd3 34. Nxf6 Kxf6 0-1

[Event "Chigorin Memorial 2018"]
[Site "St. Petersburg"]
[Date "2018.10.27"]
[Round "1.38"]
[White "Savitskiy, Sergey"]
[Black "Kiseleva, Arina"]
[Result "1-0"]
[WhiteElo "2413"]
[BlackElo "2027"]
[PlyCount "33"]
[EventDate "2018.10.27"]
[EventType "swiss"]
[EventCountry "RUS"]
[WhiteTeam "Russland"]
[BlackTeam "Russland"]
[WhiteTeamCountry "RUS"]
[BlackTeamCountry "RUS"]

1. e4 c5 2. Nf3 d6 3. d4 cxd4 4. Nxd4 Nf6 5. Nc3 Nc6 6. Bc4 Bd7 7. Be3 Ng4 8. O-O Nce5 9. Bb3 Nxe3 10. fxe3 e6 11. Nf3 Qb6 12. Nxe5 Qxe3+ 13. Kh1 dxe5 14. Rxf7 O-O-O 15. Rxd7 Rxd7 16. Bxe6 Qd4 17. Nb5 1-0

[Event "Chigorin Memorial 2018"]
[Site "St. Petersburg"]
[Date "2018.10.27"]
[Round "1.39"]
[White "Solomin, Maxim"]
[Black "Ofitserian, Boris"]
[Result "0-1"]
[WhiteElo "2025"]
[BlackElo "2411"]
[Annotator "TA"]
[PlyCount "66"]
[EventDate "2018.10.27"]
[EventType "swiss"]
[EventCountry "RUS"]
[WhiteTeam "Russland"]
[BlackTeam "Russland"]
[WhiteTeamCountry "RUS"]
[BlackTeamCountry "RUS"]

1. d4 Nf6 2. c4 b6 3. Nc3 Bb7 4. d5 g6 5. g3 Bg7 6. Bg2 O-O 7. Nh3 d6 8. O-O c6 9. e4 Qc8 10. Be3 cxd5 11. cxd5 Ba6 12. Re1 Ng4 13. Bd4 Ne5 14. Nf4 Nbd7 15. Kh1 Qb7 16. a4 Nd3 17. Nxd3 Bxd4 18. Nb5 Bxb5 19. axb5 Ne5 20. Nxe5 dxe5 21. Re2 Qd7 22. Qd3 Rfc8 23. Rd2 Rc5 24. Bf1 Rac8 25. Kg2 R8c7 26. Ra4 Rc1 27. b3 R7c3 28. Qe2 Rxb3 29. Rda2 Rbb1 30. Rxa7 Qd6 31. Qg4 Kg7 32. Be2 Qf6 33. Qf3 Qg5 0-1

[Event "Chigorin Memorial 2018"]
[Site "St. Petersburg"]
[Date "2018.10.27"]
[Round "1.40"]
[White "Bykov, Oleg"]
[Black "Osipov, Aleksandr"]
[Result "1-0"]
[WhiteElo "2411"]
[BlackElo "2021"]
[Annotator "RC"]
[PlyCount "53"]
[EventDate "2018.10.27"]
[EventType "swiss"]
[EventCountry "RUS"]
[WhiteTeam "Russland"]
[BlackTeam "Russland"]
[WhiteTeamCountry "RUS"]
[BlackTeamCountry "RUS"]

1. d4 d5 2. c4 e6 3. Nc3 a6 4. cxd5 exd5 5. Bf4 Nf6 6. e3 Bd6 7. Bxd6 Qxd6 8. Bd3 c6 9. Nge2 Nbd7 10. O-O O-O 11. Rb1 Re8 12. Ng3 g6 13. Qd2 Nf8 14. b4 h5 15. f3 Ne6 16. Qf2 Kg7 17. Nge2 Re7 18. h3 Ng5 19. e4 dxe4 20. fxe4 Ngxe4 21. Bxe4 Nxe4 22. Nxe4 Rxe4 23. Qxf7+ Kh6 24. Rf6 Qxf6 25. Qxf6 Rxe2 26. Qf8+ Kh7 27. Rf1 1-0

[Event "Chigorin Memorial 2018"]
[Site "St. Petersburg"]
[Date "2018.10.27"]
[Round "1.41"]
[White "Poznyak, Nazar"]
[Black "Vlasenko, Miroslav"]
[Result "0-1"]
[WhiteElo "2016"]
[BlackElo "2411"]
[Annotator "RC"]
[PlyCount "58"]
[EventDate "2018.10.27"]
[EventType "swiss"]
[EventCountry "RUS"]
[WhiteTeam "Russland"]
[BlackTeam "Russland"]
[WhiteTeamCountry "RUS"]
[BlackTeamCountry "RUS"]

1. d4 f5 2. Nf3 Nf6 3. g3 g6 4. Bg2 Bg7 5. O-O O-O 6. b3 d6 7. Bb2 c6 8. c4 Na6 9. Nbd2 Bd7 10. Rc1 Qe8 11. Qc2 h6 12. Rfe1 g5 13. a3 Qh5 14. b4 Rf7 15. d5 c5 16. Bxf6 Bxf6 17. b5 Nc7 18. e4 fxe4 19. Nxe4 Bg7 20. h4 Rxf3 21. Bxf3 Qxf3 22. Re3 Qf5 23. Nxc5 Qxc2 24. Rxc2 dxc5 25. Rxe7 Rd8 26. hxg5 hxg5 27. Rce2 Bf6 28. R7e3 Ne8 29. Rf3 Kg7 0-1

[Event "Chigorin Memorial 2018"]
[Site "St. Petersburg"]
[Date "2018.10.27"]
[Round "1.42"]
[White "Sadovsky, Artem"]
[Black "Gagare, Shalmali"]
[Result "1-0"]
[WhiteElo "2408"]
[BlackElo "2013"]
[PlyCount "67"]
[EventDate "2018.10.27"]
[EventType "swiss"]
[EventCountry "RUS"]
[WhiteTeam "Russland"]
[BlackTeam "Indien"]
[WhiteTeamCountry "RUS"]
[BlackTeamCountry "IND"]

1. Nf3 d5 2. g3 Nf6 3. Bg2 Bf5 4. O-O e6 5. d3 h6 6. Nbd2 Be7 7. c3 O-O 8. Re1 c5 9. e4 Bh7 10. exd5 Nxd5 11. Nc4 Nc6 12. Nfe5 Nxe5 13. Nxe5 Qc7 14. c4 Nb4 15. a3 Nc6 16. Nxc6 bxc6 17. Be4 Rfd8 18. Qh5 f5 19. Bg2 e5 20. g4 Rd4 21. gxf5 Rxd3 22. Be3 Rb3 23. Kh1 e4 24. Bxe4 Bf6 25. Bxc5 Rxb2 26. Bd5+ Kh8 27. Re8+ Bg8 28. Bxg8 Rxe8 29. Qxe8 Rb8 30. Re1 Rxe8 31. Rxe8 g5 32. fxg6 Kg7 33. Bf7 Bc3 34. Be7 1-0

[Event "Chigorin Memorial 2018"]
[Site "St. Petersburg"]
[Date "2018.10.27"]
[Round "1.43"]
[White "Shihaliev, Leonard"]
[Black "Smirnov, Artem"]
[Result "0-1"]
[WhiteElo "2010"]
[BlackElo "2405"]
[PlyCount "84"]
[EventDate "2018.10.27"]
[EventType "swiss"]
[EventCountry "RUS"]
[WhiteTeam "Russland"]
[BlackTeam "Russland"]
[WhiteTeamCountry "RUS"]
[BlackTeamCountry "RUS"]

1. d4 Nf6 2. Nf3 b6 3. g3 Bb7 4. Bg2 g6 5. O-O Bg7 6. c4 O-O 7. Nbd2 e6 8. Qc2 d6 9. b3 c5 10. dxc5 bxc5 11. Bb2 Qe7 12. e4 e5 13. Ne1 Nc6 14. Nd3 h5 15. h3 h4 16. g4 Nh7 17. a3 Ng5 18. b4 Rac8 19. b5 Nd4 20. Bxd4 cxd4 21. Qa4 f5 22. f3 Ne6 23. Rae1 Bh6 24. Qb4 Be3+ 25. Kh1 Ng5 26. a4 Kg7 27. a5 fxg4 28. fxg4 Bxd2 29. Qxd2 Nxe4 30. Bxe4 Bxe4+ 31. Kh2 Rxf1 32. Rxf1 Rxc4 33. Qe2 d5 34. b6 axb6 35. axb6 Bxd3 36. Qxd3 e4 37. Qb3 Qd6+ 38. Kh1 Rc3 39. Qb2 Rxh3+ 40. Kg1 Qg3+ 41. Qg2 Qxg2+ 42. Kxg2 Rb3 0-1

[Event "Chigorin Memorial 2018"]
[Site "St. Petersburg"]
[Date "2018.10.27"]
[Round "1.44"]
[White "Kazakovskiy, Valeriy"]
[Black "Slugin, Yaroslav"]
[Result "1-0"]
[WhiteElo "2405"]
[BlackElo "2009"]
[PlyCount "71"]
[EventDate "2018.10.27"]
[EventType "swiss"]
[EventCountry "RUS"]
[WhiteTeam "Weißrussland"]
[BlackTeam "Russland"]
[WhiteTeamCountry "BLR"]
[BlackTeamCountry "RUS"]

1. d4 Nf6 2. Nf3 g6 3. c4 Bg7 4. g3 d6 5. Bg2 O-O 6. O-O c5 7. dxc5 dxc5 8. Ne5 Qc7 9. Nd3 Be6 10. Qb3 Nbd7 11. Bf4 Qb6 12. Bxb7 Bxc4 13. Qxb6 axb6 14. Bxa8 Rxa8 15. Nc3 Nh5 16. Rfd1 Bxc3 17. bxc3 Rxa2 18. Rxa2 Bxa2 19. Ra1 Bc4 20. Bh6 f5 21. Ra7 Nhf6 22. Bg5 Bxd3 23. exd3 Ne5 24. Bxf6 exf6 25. Rb7 Nxd3 26. Rxb6 Kf7 27. Kf1 f4 28. Ke2 c4 29. Rc6 f3+ 30. Ke3 Ne5 31. Rc7+ Kg8 32. h3 h5 33. Ra7 Kf8 34. Ke4 g5 35. Ra5 h4 36. gxh4 1-0

[Event "Chigorin Memorial 2018"]
[Site "St. Petersburg"]
[Date "2018.10.27"]
[Round "1.45"]
[White "Mamontova, Anastasia"]
[Black "Yagupov, Igor"]
[Result "0-1"]
[WhiteElo "2009"]
[BlackElo "2403"]
[PlyCount "96"]
[EventDate "2018.10.27"]
[EventType "swiss"]
[EventCountry "RUS"]
[WhiteTeam "Russland"]
[BlackTeam "Russland"]
[WhiteTeamCountry "RUS"]
[BlackTeamCountry "RUS"]

1. d4 d6 2. c4 e5 3. e3 f5 4. dxe5 dxe5 5. Qb3 c6 6. Nf3 e4 7. Nd4 c5 8. Qb5+ Kf7 9. Nxf5 Bxf5 10. Qxb7+ Qd7 11. Qxa8 Nc6 12. Be2 Nf6 13. Bd1 Nb4 14. O-O Rg8 15. Ba4 Qc7 16. Nc3 Bd6 17. Nb5 Bxh2+ 18. Kh1 Rxa8 19. Nxc7 Bxc7 20. f3 exf3 21. gxf3 Bd3 22. Rf2 Bxc4 23. a3 Nd3 24. Rc2 Ba6 25. b4 Be5 26. Rb1 Bb7 27. bxc5 Bxf3+ 28. Kg1 Be4 29. c6 Nxc1 30. Rb7+ Kg6 31. Rxc1 Ng4 32. Rb4 Bh2+ 33. Kf1 Rf8+ 34. Ke1 Bg3+ 35. Kd2 Rf2+ 36. Kc3 Be5+ 37. Kc4 Nxe3+ 38. Kc5 Kf5 39. Rb7 Rd2 40. Rf7+ Kg6 41. c7 Rd5+ 42. Kb4 a5+ 43. Kb3 Rd3+ 44. Ka2 Rd2+ 45. Bc2 Bxc2 46. Rxg7+ Kxg7 47. Rg1+ Bg6+ 48. Kb3 Bxc7 0-1

[Event "Chigorin Memorial 2018"]
[Site "St. Petersburg"]
[Date "2018.10.27"]
[Round "1.46"]
[White "Rohith Krishna S"]
[Black "Levicheva, Ekaterina"]
[Result "1-0"]
[WhiteElo "2403"]
[BlackElo "2004"]
[PlyCount "71"]
[EventDate "2018.10.27"]
[EventType "swiss"]
[EventCountry "RUS"]
[WhiteTeam "Indien"]
[BlackTeam "Russland"]
[WhiteTeamCountry "IND"]
[BlackTeamCountry "RUS"]

1. d4 Nf6 2. Nf3 e6 3. g3 c5 4. c3 d5 5. Bg2 Nc6 6. O-O Be7 7. Nbd2 O-O 8. e3 Qc7 9. Re1 Rd8 10. Qc2 cxd4 11. exd4 b6 12. Nf1 h6 13. Be3 Ba6 14. Rac1 Rac8 15. Qb1 Bd6 16. b4 Bc4 17. N3d2 Ne7 18. Nxc4 dxc4 19. a4 Ned5 20. f4 Ng4 21. Bd2 a6 22. f5 Ne7 23. fxe6 f5 24. Qc2 Rf8 25. Qd1 Nf6 26. Qe2 Rce8 27. Ne3 b5 28. axb5 axb5 29. Rf1 f4 30. Ng4 fxg3 31. Nxf6+ Rxf6 32. Rxf6 gxh2+ 33. Kh1 gxf6 34. Qh5 Rf8 35. Bxh6 Bf4 36. Bxf8 1-0